Normal view
MARC view
- Post-communism
Entry Topical Term
001 - CONTROL NUMBER
- control field: 107976
003 - CONTROL NUMBER IDENTIFIER
- control field: NUST
005 - DATE AND TIME OF LATEST TRANSACTION
- control field: 20230128092745.0
008 - FIXED-LENGTH DATA ELEMENTS
- fixed length control field: 230128|| aca||aabn | a|a d
040 ## - CATALOGING SOURCE
- Original cataloging agency: NUST
- Transcribing agency: NUST
150 ## - HEADING--TOPICAL TERM
- Topical term or geographic name entry element: Post-communism
670 ## - SOURCE DATA FOUND
- Source citation: Work cat.: (NUST)186355: Huntington, Samuel P. 60650, The clash of civilizations and the remaking of world order /, c1996.
